A nation of guinea pigs

Gespeichert in:
Bibliographische Detailangaben
1. Verfasser: Shapo, Marshall S.
Format: Buch
Sprache:Undetermined
Veröffentlicht: New York The Free Press 1979
Schlagworte:
Tags: Tag hinzufügen
Keine Tags, Fügen Sie den ersten Tag hinzu!
Thư viện lưu trữ: Trung tâm Học liệu Trường Đại học Cần Thơ
LEADER 00576nam a2200205Ia 4500
001 CTU_80104
008 210402s9999 xx 000 0 und d
082 |a 344.73 
082 |b S529 
100 |a Shapo, Marshall S. 
245 2 |a A nation of guinea pigs 
245 0 |c Marshall S. Shapo 
260 |a New York 
260 |b The Free Press 
260 |c 1979 
650 |a Chemicals,Drugs 
650 |x Law and legislation,Law and legislation 
650 |z United states,United states 
904 |i Trọng Hải 
980 |a Trung tâm Học liệu Trường Đại học Cần Thơ